San Francisco 49ers in the Hall of Fame Quiz Stats

 Plays Quiz not verified by Sporcle

Challenge
Share
Tweet
Embed
Score 0/27 Timer 06:00
0 Plays Today
Position (Years w/ Team) Name % Correct
QB (1979-1992)Joe Montana
97.5%
WR (1985-2000)Jerry Rice
96.7%
WR (1996-2003)Terrell Owens
95.2%
QB (1987-1999)Steve Young
95%
S (1981-1990)Ronnie Lott
90.9%
WR (2012)Randy Moss
90.5%
Coach (1979-1988)Bill Walsh
80.2%
CB (1994)Deion Sanders
76%
LB (1986-1991, 1998-1999)Charles Haley
73.6%
QB (1951-1960)Y.A. Tittle
62.8%
Owner (1977-2000)Edward DeBartolo Jr.
61.2%
RB (1978-1979)O.J. Simpson
57.9%
CB (1961-1976)Jimmy Johnson
57%
RB (1954-1956)John Henry Johnson
56.2%
Position (Years w/ Team) Name % Correct
RB (1948-1960, 1963)Joe Perry
55.4%
G (2006-2007)Larry Allen
50.4%
DE (1981-1985)Fred Dean
49.6%
LB (1994-1995)Rickey Jackson
43%
CB (1997)Rod Woodson
41.3%
RB (1952-1960)Hugh McElhenny
40.5%
T (1953-1963)Bob St. Clair
38%
DE (1994)Richard Dent
37.2%
DE (1996-1998)Chris Doleman
35.5%
LB (1997)Kevin Greene
33.9%
LB (1964-1974)Dave Wilcox
32.2%
DT (1950-1963)Leo Nomellini
28.9%
WR (1975)Bob Hayes
16.5%

You're not logged in!

Compare scores with friends on all Sporcle quizzes.
Join for Free
OR
Log In

You Might Also Like...

Show Comments

Extras

Top Quizzes Today


Score Distribution

Your Account Isn't Verified!

In order to create a playlist on Sporcle, you need to verify the email address you used during registration. Go to your Sporcle Settings to finish the process.

Report this User

Report this user for behavior that violates our Community Guidelines.

Details: